<?xml version="1.0" encoding="UTF-8"?><?xml-stylesheet type="text/xsl" href="static/style.xsl"?><OAI-PMH xmlns="http://www.openarchives.org/OAI/2.0/" xmlns:xsi="http://www.w3.org/2001/XMLSchema-instance" xsi:schemaLocation="http://www.openarchives.org/OAI/2.0/ http://www.openarchives.org/OAI/2.0/OAI-PMH.xsd"><responseDate>2026-04-28T11:35:20Z</responseDate><request verb="GetRecord" identifier="oai:riubu.ubu.es:10259/11244" metadataPrefix="marc">https://riubu.ubu.es/oai/request</request><GetRecord><record><header><identifier>oai:riubu.ubu.es:10259/11244</identifier><datestamp>2026-01-21T01:05:39Z</datestamp><setSpec>com_10259_4292</setSpec><setSpec>com_10259_5086</setSpec><setSpec>com_10259_2604</setSpec><setSpec>col_10259_4293</setSpec></header><metadata><record xmlns="http://www.loc.gov/MARC21/slim" xmlns:doc="http://www.lyncode.com/xoai" xmlns:xsi="http://www.w3.org/2001/XMLSchema-instance" xmlns:dcterms="http://purl.org/dc/terms/" xsi:schemaLocation="http://www.loc.gov/MARC21/slim http://www.loc.gov/standards/marcxml/schema/MARC21slim.xsd">
<leader>00925njm 22002777a 4500</leader>
<datafield tag="042" ind1=" " ind2=" ">
<subfield code="a">dc</subfield>
</datafield>
<datafield tag="720" ind1=" " ind2=" ">
<subfield code="a">González Angulo, Mario</subfield>
<subfield code="e">author</subfield>
</datafield>
<datafield tag="720" ind1=" " ind2=" ">
<subfield code="a">Clauwers, Charlien</subfield>
<subfield code="e">author</subfield>
</datafield>
<datafield tag="720" ind1=" " ind2=" ">
<subfield code="a">Harastani, Rania</subfield>
<subfield code="e">author</subfield>
</datafield>
<datafield tag="720" ind1=" " ind2=" ">
<subfield code="a">Tonello Samson, Carole</subfield>
<subfield code="e">author</subfield>
</datafield>
<datafield tag="720" ind1=" " ind2=" ">
<subfield code="a">Jaime Moreno, Isabel</subfield>
<subfield code="e">author</subfield>
</datafield>
<datafield tag="720" ind1=" " ind2=" ">
<subfield code="a">Rovira Carballido, Jordi</subfield>
<subfield code="e">author</subfield>
</datafield>
<datafield tag="720" ind1=" " ind2=" ">
<subfield code="a">W. Michiels, Chris</subfield>
<subfield code="e">author</subfield>
</datafield>
<datafield tag="260" ind1=" " ind2=" ">
<subfield code="c">2020-04</subfield>
</datafield>
<datafield tag="520" ind1=" " ind2=" ">
<subfield code="a">Bacterial spores survive high pressure processing (HPP). Group II Clostridium botulinum is an obligate anaerobe spore-forming pathogen that can produce the botulinum neurotoxin under refrigeration. This study assessed nontoxigenic type E C. botulinum and Group II Clostridium sp. growth in raw and HPP (550 MPa, 3 min, 10 °C) Thai coconut water (CCW; pH 5.2). No spore germination or growth occurred in HPP CCW inoculated with 105 CFU/ml after 61 days regardless of oxygen concentration (&lt;0.5 – 11 mg/l) or storage temperature (4 and 20 °C). Spore concentration decreased by 3.0 ± 0.1 log CFU/ml in a worst-case scenario consisting of non-HPP filter-sterilized CCW (pH 7.0) under anoxic incubation at 30 °C during 61 days, suggesting spore germination followed by cellular death. Supplementing filter-sterilized CCW (pH 7.0) with selected germinants and free amino acids did not support spore development, but the addition of nutrient-rich laboratory media (TPGY broth) at low concentrations (6.25%) promoted growth, suggesting that a lack of nutrients prevents C. botulinum development in CCW. Further risk assessment will require evaluating other CCW varieties and toxin production.</subfield>
</datafield>
<datafield tag="024" ind2=" " ind1="8">
<subfield code="a">0963-9969</subfield>
</datafield>
<datafield tag="024" ind2=" " ind1="8">
<subfield code="a">https://hdl.handle.net/10259/11244</subfield>
</datafield>
<datafield tag="024" ind2=" " ind1="8">
<subfield code="a">10.1016/j.foodres.2020.109278</subfield>
</datafield>
<datafield ind1=" " ind2=" " tag="653">
<subfield code="a">High pressure processing</subfield>
</datafield>
<datafield ind1=" " ind2=" " tag="653">
<subfield code="a">Coconut water</subfield>
</datafield>
<datafield ind1=" " ind2=" " tag="653">
<subfield code="a">Clostridium botulinum</subfield>
</datafield>
<datafield ind1=" " ind2=" " tag="653">
<subfield code="a">Dissolved oxygen</subfield>
</datafield>
<datafield ind1=" " ind2=" " tag="653">
<subfield code="a">Germinant</subfield>
</datafield>
<datafield ind1=" " ind2=" " tag="653">
<subfield code="a">Amino acid</subfield>
</datafield>
<datafield ind1=" " ind2=" " tag="653">
<subfield code="a">Nutrients</subfield>
</datafield>
<datafield tag="245" ind1="0" ind2="0">
<subfield code="a">Evaluation of factors influencing the growth of non-toxigenic Clostridium botulinum type E and Clostridium sp. in high-pressure processed and conditioned tender coconut water from Thailand</subfield>
</datafield>
</record></metadata></record></GetRecord></OAI-PMH>